Devinez le Pays Mystère #152 - Statistiques

Statistiques générales
  • Ce quiz a été pris 238 fois
  • Le résultat moyen est 14 sur 17
Statistiques - réponses
Type de Réponse Réponse % Correct
Lettre Trouvée A
97%
Lettre Trouvée E
97%
Lettre Bien Placée E
96%
Lettre Trouvée I
95%
Lettre Trouvée N
90%
Lettre Bien Placée I
87%
Lettre Bien Placée A
84%
Lettre Bien Placée N
84%
Lettre Trouvée T
81%
Lettre Bien Placée A
74%
Lettre Bien Placée N
74%
Lettre Trouvée A
71%
Lettre Trouvée N
68%
Lettre Trouvée Z
67%
Lettre Bien Placée T
65%
Pays Mystère Tanzanie
65%
Lettre Bien Placée Z
65%
Aucun quiz correspondant
Distribution des résultats
% des personnes avec chaque résultat
Percentile par nombre de réponses
Votre historique - résultats
Vous n’avez pas pris ce quiz